| 000 | 00476cam a22001934a 4500 | ||
|---|---|---|---|
| 005 | 20250605164302.0 | ||
| 008 | 250528s ||||||||||||||||||||||||d | ||
| 035 | _a22109 | ||
| 020 | _a9781849201377 | ||
| 040 |
_aGR-AtMCL _bgre _dGR-AtMCL _eAACR2 |
||
| 245 | 1 | _aCHILD DEVELOPMENT: A PRACTICAL INTRODUCTION | |
| 250 | _a1 | ||
| 260 |
_bSage Publications, _c2014 |
||
| 300 | _a272 | ||
| 700 | 1 |
_aCrowley Kevin _97988 |
|
| 942 | _cBK | ||
| 999 |
_c7165 _d7165 |
||